000 00844cam a2200301 4500500
005 20260405003422.0
041 _afre
042 _adc
100 1 0 _ade Oliveira, Victorine
_eauthor
245 0 0 _a“Ainsi parlait Zarathoustra”. Le livre de toutes les audaces
260 _c2021.
500 _a86
690 _aEternel retour
690 _aItalie
690 _aLiberté
690 _aLou Andreas-Salomé
690 _aMisogynie
690 _aMusique
690 _aNazisme
690 _aNietzsche
690 _aSolitude
690 _aSuisse
690 _asurhomme
690 _aWagner
690 _aZarathoustra
786 0 _nPhilosophie magazine | 155 | 12 | 2021-12-01 | p. 37-38 | 1951-1787
856 4 1 _uhttps://shs.cairn.info/magazine-philosophie-magazine-2021-12-1-page-37?lang=fr&redirect-ssocas=7080
999 _c2067350
_d2067350